Statistics for City Flags Quiz

Click here to take the quiz!

General Stats

  • This quiz has been taken 1,194 times
  • The average score is 8 of 16

Answer Stats

Answer% Correct
Hong Kong
97%
Vatican City
93%
Singapore
92%
Macau
82%
Kuala Lumpur
77%
Berlin
61%
Chicago
53%
Tokyo
52%
Moscow
49%
Paris
43%
Tel Aviv
36%
Calgary
23%
Rio de Janeiro
23%
Osaka
22%
São Paulo
20%
Harbin
8%

Score Distribution

Percentile by Number Answered

Percent of People with Each Score

Your Score History

You have not taken this quiz